Sree Bhrahmananda Swami Shivayogi / (Record no. 6678)
[ view plain ]
| 000 -LEADER | |
|---|---|
| fixed length control field | 00236cam a2200109ua 4500 |
| 082 ## - DEWEY DECIMAL CLASSIFICATION NUMBER | |
| Classification number | 922.9 |
| Item number | NAI/SR |
| 100 ## - MAIN ENTRY--AUTHOR NAME | |
| Personal name | Nair, M K . |
| 245 ## - TITLE STATEMENT | |
| Title | Sree Bhrahmananda Swami Shivayogi / |
| 250 ## - EDITION STATEMENT | |
| Edition statement | 1 / |
| 300 ## - PHYSICAL DESCRIPTION | |
| Number of Pages | 208 ; . |
| 942 ## - ADDED ENTRY ELEMENTS (KOHA) | |
| Koha item type | Books |
| Withdrawn status | Lost status | Damaged status | Home library | Current library | Date acquired | Full call number | Accession Number | Koha item type |
|---|---|---|---|---|---|---|---|---|
| KAUAET | KAUAET | 07/04/2012 | 922.9 | 13215 | Books |
